000 00773nam a2200241Ia 4500
003 OSt
005 20221006165729.0
006 a|||||r|||| 00| 0
007 ta
008 221006b |||||||| |||| 00| 0 hin d
024 _a7,378
037 _cDissertations
040 _aFML
_cFML
_bhin
041 _2hin
_ahin
100 _aPrashant Lal Au.
_9680373
110 _aDelhi University. Faculty of Music and Fine Arts. Department of Music
245 0 _aUttar Bharatiya Shashtriya Sangeet Main Bandish Ke Saundaryatmak Paksh Ko Ubharane Main Taal Ki Bhoomika
260 _c2007
300 _a142
_ccm.
700 _aDelhi University. Faculty of Music and Fine Arts. Department of Music
942 _cDIS
_2CC
999 _c1121845
_d1121845